Vybrané kapitoly z podnikania v malých a stredných podnikoch

Gespeichert in:
Bibliographische Detailangaben
1. Verfasser: Stričík, Michal, 1969-
Körperschaft: Ekonomická univerzita v Bratislave. Podnikovohospodárska fakulta so sídlom v Košiciach
Weitere Verfasser: Meheš, Marek, Bobáková, Viktória, Pétrová, Rozália, Spišáková, Emília, 1983-
Format: Buch
Sprache:Slowakisch
Veröffentlicht: Bratislava Vydavateľstvo EKONÓM 2012
Ausgabe:1. vyd.
Schlagworte:
Tags: Tag hinzufügen
Keine Tags, Fügen Sie das erste Tag hinzu!

MARC

LEADER 00000nam a2200000 4500
001 0149806
005 20240502072708.6
020 |a 978-80-225-3403-1 
041 0 |a slo 
044 |a SK 
245 1 0 |a Vybrané kapitoly z podnikania v malých a stredných podnikoch  |c Michal Stričík, Marek Meheš 
250 |a 1. vyd. 
264 1 |a Bratislava  |b Vydavateľstvo EKONÓM  |c 2012 
300 |a 176 s. [9,185 AH] 
610 2 0 |a podnik malý 
610 2 0 |a podnik stredný 
610 2 0 |a podnikanie 
610 2 0 |a podnikatelia 
610 2 0 |a prostredie podnikateľské 
610 2 0 |a legislatíva 
610 2 0 |a podpora podnikania 
610 2 0 |a plán podnikateľský 
610 2 0 |a likvidácia podniku 
100 1 |a Stričík, Michal, 1969- 
700 1 |a Meheš, Marek 
700 1 |a Bobáková, Viktória 
700 1 |a Pétrová, Rozália 
700 1 |a Spišáková, Emília, 1983- 
710 2 |a Ekonomická univerzita v Bratislave. Podnikovohospodárska fakulta so sídlom v Košiciach